[Event "Leutasch Seniors op 18th"]
[Site "Karwendel"]
[Date "2001.07.04"]
[Round "7"]
[White "Von Hoesslin, Ursula"]
[Black "Klose, Hans Peter"]
[Result "1-0"]
[WhiteElo "1254"]
[BlackElo "1426"]
[PlyCount "51"]
[EventDate "2001.06.28"]
[EventType "swiss"]
[EventRounds "9"]
[EventCountry "GER"]
[SourceTitle "EXT 2006"]
[Source "ChessBase"]
[SourceDate "2005.11.24"]
[SourceVersion "1"]
[SourceVersionDate "2005.11.24"]
[SourceQuality "1"]

1. e4 c5 2. Nf3 d6 3. d4 cxd4 4. Nxd4 Nf6 5. Nc3 e5 6. Nb3 Be7 7. h3 0-0 8. Bc4 a6 9. Be3 b5 10. Bd5 Nxd5 11. Nxd5 Nd7 12. Nxe7+ Qxe7 13. Qd5 Rb8 14. 0-0-0 Bb7 15. Qxd6 Qxd6 16. Rxd6 Nf6 17. f3 Ne8 18. Rb6 f5 19. Nc5 Nf6 20. Rxb7 Rbd8 21. Ne6 Rd7 22. Rxd7 Nxd7 23. Rd1 Rf7 24. exf5 h6 25. h4 Nf6 26. Rd8+ 1-0